LEADER 01053cam0 2200253 450 001 E600200036574 005 20210204075853.0 100 $a20080418d1987 |||||ita|0103 ba 101 $aeng 102 $aGB 200 1 $aArgonauts of Western Pacific. An account of native enterpraise and adventure in archipelagos of Malanesian New Guinea$fBronislaw Malinowski$gpref. James Georege Frazer 210 $aLondon and New York$cRoutledge & Kegan Paul$d1987 215 $aXXXI, 528 p.$d23 cm. 700 1$aMalinowski$b, Bronislaw$3A600200028262$4070$067930 702 1$aFrezer, James George$3A600200047948$4070 801 0$aIT$bUNISOB$c20210204$gRICA 850 $aUNISOB 852 $aUNISOB$j300$m56385 912 $aE600200036574 940 $aM 102 Monografia moderna SBN 941 $aM 957 $a300$b002130$gSi$d56385$1massimo$2UNISOB$3UNISOB$420080418082913.0$520190716105843.0$6Spinosa 996 $aArgonauts of Western Pacific. An account of native enterpraise and adventure in archipelagos of Malanesian New Guinea$91683653 997 $aUNISOB